00417cam a2200157ua 45000010005000000080039000050400009000440820015000531000033000682450060001012500009001612600027001703000016001976530014002136530032002271542110711n ii |||gr||||Z||||||eng cMAIN a330.9541621 aSaikia, Brajkishor,eAuthor.1 aAsamar jatia arthanitir bhabisyatcby Brajkishor Saikia a1st. aGuahati:bBuniyad,995. a96p:c23cm. aEconomics apolitical economiy of assam